La laïcité

Guardat en:
Dades bibliogràfiques
Autors principals: Audibert, Adrien (autor), Rivero, J (Autor)
Autor corporatiu: Université d'Aix-Marseille (autor), Centre de Sciences Politiques de l'Institut d'Etudes Juridiques de Nice (autor)
Altres autors: Bayet, A (autor), Brown, B. E (autor), Debeyre, G (autor), Dupuy, J. R (autor), Hauriou, A (autor), Houtte, J. van (autor), Jemolo, Arturo Carlo (autor), Jobert, A (autor), Latreilli, A (autor), Leonard, E (autor), Levinas, E (autor), Macridis, R. C (autor), Matsumoto, K (autor), Méjan, F (autor), Naurois, L. de (autor), Rémond, R (autor), Riedmatten, H. de (autor), Roche, J. P (autor), Rondot, P (autor), Trotabas, L (autor)
Format: Llibre
Idioma:francès
Publicat: París, Francia Presses Universitaires de France 1960
Col·lecció:Bibliothèque des Centres d'Etudes Superieures Spécialisés, 6
Matèries:
Etiquetes: Afegir etiqueta
Sense etiquetes, Sigues el primer a etiquetar aquest registre!

MARC

LEADER 00000nam a2200000 a 4500
001 UCR4112
003 CL-VaPUC
005 20210527001316.0
008 980307e19600000FR |||||||||||||||||fre|d
999 |c 267065  |d 267063 
040 |c Pontificia Universidad Católica de Valparaíso 
082 0 4 |a 262.15 AUD 1960  |2 21 
100 0 |a Audibert, Adrien  |e autor  |9 403737 
110 2 |a Université d'Aix-Marseille  |e autor  |9 403759 
245 1 3 |a La laïcité 
260 0 3 |a París, Francia  |b Presses Universitaires de France  |c 1960 
300 |a 586 páginas 
490 0 |a Bibliothèque des Centres d'Etudes Superieures Spécialisés,   |v 6 
500 |a Donación del padre Enrique Pascal García Huidobro 
583 |a last modification  |c 19980307 00:00:00  |k Rodrigo Vera 
600 0 |a Iglesia católica  |9 255129 
650 0 |a Laicos  |9 255625 
650 0 |a Acción católica  |9 257808 
650 7 |a EVANGELIZACION  |2 CL-VaPUC  |9 403761 
700 0 |a Bayet, A  |e autor  |9 403738 
700 0 |a Brown, B. E  |e autor  |9 403739 
700 0 |a Debeyre, G  |e autor  |9 403740 
700 0 |a Dupuy, J. R  |e autor  |9 403741 
700 0 |a Hauriou, A  |e autor  |9 403742 
700 0 |a Houtte, J. van  |e autor  |9 403743 
700 |a Jemolo, Arturo Carlo  |e autor  |9 477003 
700 0 |a Jobert, A  |e autor  |9 403745 
700 0 |a Latreilli, A  |e autor  |9 403746 
700 0 |a Leonard, E  |e autor  |9 403747 
700 0 |a Levinas, E  |e autor  |9 403748 
700 0 |a Macridis, R. C  |e autor  |9 403749 
700 0 |a Matsumoto, K  |e autor  |9 403750 
700 0 |a Méjan, F  |e autor  |9 403751 
700 0 |a Naurois, L. de  |e autor  |9 403752 
700 0 |a Rémond, R  |e autor  |9 403753 
700 0 |a Riedmatten, H. de  |e autor  |9 403754 
700 0 |a Rivero, J  |e author  |9 403755 
700 0 |a Roche, J. P  |e autor  |9 403756 
700 0 |a Rondot, P  |e autor  |9 403757 
700 0 |a Trotabas, L  |e autor  |9 403758 
710 2 |a Centre de Sciences Politiques de l'Institut d'Etudes Juridiques de Nice  |e autor  |9 403760 
942 |c BK  |2 ddc 
945 |d 19980307 00:00:00  |a cmena 
952 |0 0  |1 0  |2 ddc  |4 0  |6 262_150000000000000_AUD_1960  |7 0  |8 DER_HDC  |9 299217  |a BIBDER  |b BIBDER  |d 2019-11-20  |i 1957481  |l 1  |o 262.15 AUD 1960  |p 1957481  |r 2023-01-25  |s 2020-03-16  |t 1  |w 2019-11-20  |x Ubicación 4to Piso  |y BK  |z Estos recursos deben solicitarse con anticipación  |k DER